| 000 | 00914nam a2200205Ia 4500 | ||
|---|---|---|---|
| 003 | IN-BaIIA | ||
| 008 | 211028s9999 xx 000 0 eng d | ||
| 020 | _a0-89766-805-7 | ||
| 040 | _cIIA Library | ||
| 080 |
_a524.834(082.1) _bREL |
||
| 111 |
_aTexas Symposium TEXAS/PASCOS 92 on Relativistic Astrophysics and pticle Cosmology _n16th _cCalifornia _d1992 Dec. 13-18 _919552 |
||
| 245 | 0 |
_aRelativistic Astrophysics and pticle cosmology _bproceedings of the 16th Texas Symposium TEXAS/PASCOS 92 on Relativistic Astrophysics and pt.icle cosmology, held in California, U.S.A., 13-18 Dec 1992 _cedited by C. W Akerlof and M. A. Srednicki |
|
| 260 |
_aNew York _bNew York Academy of Sciences _c1993 |
||
| 300 | _a[various pagings.] | ||
| 650 |
_apticle cosmology _919553 |
||
| 650 |
_aRelativistic Astrophysics _96801 |
||
| 700 |
_aAkerlof, C. W., ed. _919554 |
||
| 700 |
_aSrednicki, M. A., ed. _919555 |
||
| 942 | _cBK | ||
| 999 |
_c11368 _d11368 |
||